Diez ejercicios de comprensión poética

Guardat en:
Dades bibliogràfiques
Autor principal: Ibáñez Langlois, José Miguel (Autor)
Format: Llibre
Idioma:espanyol
Publicat: Santiago Andrés Bello 2001
Edició:1a. ed
Matèries:
Etiquetes: Afegir etiqueta
Sense etiquetes, Sigues el primer a etiquetar aquest registre!

MARC

LEADER 00000nam a2200000 a 4500
001 UCG1342
003 CL-VaPUC
008 100429e20010500CL |||||||||||||||||spa|d
020 |a 9561317036 
082 0 4 |a 801  |b IBA  |2 21 
100 |a Ibáñez Langlois, José Miguel  |e author  |9 316900 
245 1 0 |a Diez ejercicios de comprensión poética 
250 |a 1a. ed 
300 |a 119 p 
942 |c BK 
945 |d 20100429 00:00:00  |a dcastane 
260 |a Santiago  |b Andrés Bello  |c 2001 
650 0 |a Filosofía de la literatura  |9 267374 
650 0 |a Creación artística   |9 266215 
650 0 |a Composición literaria  |9 324494 
583 |a last modification  |c 20121007 09:31:53  |k Rodrigo Vera 
999 |c 340746  |d 340744 
952 |0 0  |1 0  |4 0  |6 801_000000000000000_IBA_2001  |7 0  |8 A  |9 435726  |a BIBEDU  |b BIBEDU  |d 2019-11-22  |i 4662784  |o 801 IBA 2001  |p 4662784  |r 2019-11-22  |w 2019-11-22  |y BK  |k LIT